000 00827cam a22002414a 4500
001 4994587
005 20180119042325.0
008 990204s1999 nyu 000 0 eng
010 _a 99019452
020 _a0684852861
040 _aDLC
_cDLC
_dDLC
041 _aeng
042 _apcc
080 _a658.409 BUC
082 0 0 _a658.409 BUC
_221
100 1 _a54
101 _aMEN
245 1 0 _aFirst, break all the rules :
_cMarcus Buckingham and Curt Coffman.
246 3 0 _aWhat the world's greatest managers do differently
906 _a7
_bcbc
_corignew
_d1
_eocip
_f19
_gy-gencatlg
942 _2ddc
_cBK
999 _c40541
_d40541